Limca book of records, 2024 (Record no. 201812)
[ view plain ]
| 000 -LEADER | |
|---|---|
| fixed length control field | 00822nam a22002057a 4500 |
| 005 - DATE AND TIME OF LATEST TRANSACTION | |
| control field | 20241224115805.0 |
| 010 ## - LCCN (DPL NO) | |
| LC control number | B-758543 ENG-143146 |
| 020 ## - INTERNATIONAL STANDARD BOOK NUMBER | |
| International Standard Book Number | 9789357318457 |
| Terms of availability | 550.00 |
| 035 ## - SYSTEM CONTROL NUMBER | |
| System control number | B-758543 |
| 035 ## - SYSTEM CONTROL NUMBER | |
| System control number | EN-126678 |
| 037 ## - SOURCE OF ACQUISITION | |
| Stock number | dpl |
| Source of stock number/acquisition | Uppal Book Store |
| 082 ## - DEWEY DECIMAL CLASSIFICATION NUMBER | |
| Classification number | 032.02 |
| 245 ## - TITLE STATEMENT | |
| Title | Limca book of records, 2024 |
| Remainder of title | India at her best/ |
| Statement of responsibility, etc | edited by Anirban Sarkar |
| 260 ## - PUBLICATION, DISTRIBUTION, ETC. (IMPRINT) | |
| Place of publication, distribution, etc | Gurugram |
| Name of publisher, distributor, etc | Hachette Book Publishing India Pvt. Ltd. |
| Date of publication, distribution, etc | 2024 |
| 270 ## - ADDRESS | |
| Address | 4th & 5th Floors, Corporate Center, Plot No. 94,Sector 44 |
| City | Gurugram |
| Postal code | 122003 |
| 300 ## - PHYSICAL DESCRIPTION | |
| Extent | xii, 404p. |
| Other physical details | ill. |
| Dimensions | 27cm(Hb) |
| 500 ## - GENERAL NOTE | |
| General note | Coloured Illustrations and pictures |
| 942 ## - ADDED ENTRY ELEMENTS (KOHA) | |
| Source of classification or shelving scheme | Dewey Decimal Classification |
| Item type | Reference Books |
| Classification part | 030.02 |
| Call number suffix | LIM |
| Withdrawn status | Lost status | Use restrictions | Not for loan | Collection code | Home library | Current library | Date acquired | Source of acquisition | Cost, normal purchase price | Full call number | Barcode | Cost, replacement price | Koha item type | Copy number |
|---|---|---|---|---|---|---|---|---|---|---|---|---|---|---|
| Restricted Access | Not For Loan | Reference | Central Library | Central Library | 14/03/2024 | Purchase | 550.00 | 030.02 LIM | B-758543 | 550.00 | Reference Books | |||
| Not For Loan | Reference | Central Library | Central Library | 24/12/2024 | Delivery of Books Division | 550.00 | 030.02 LIM | EN-126678 | 550.00 | Reference Books | 1 |
